[Event "German Bundesliga 2021-22"]
[Site "Germany"]
[Date "2022.04.09"]
[Round "3.13"]
[White "Svane, Frederik"]
[Black "Baldauf, Marco"]
[Result "1-0"]
[WhiteElo "2496"]
[BlackElo "2522"]
[Annotator "TA"]
[PlyCount "135"]
[EventDate "2022.03.05"]
[EventType "team-tourn"]
[EventCountry "GER"]
[SourceTitle "playchess.com"]
[Source "ChessBase"]
[SourceQuality "1"]
[TimeControl "40/5400+30:1800+30"]

{[%evp 9,135,22,14,19,23,12,18,9,2,-8,95,105,109,110,115,96,96,107,101,96,103,101,108,73,93,0,105,108,138,110,112,109,110,93,111,108,116,96,88,86,82,87,87,89,95,89,86,86,95,86,89,82,88,85,83,79,87,79,91,0,54,59,60,45,66,34,25,23,57,24,39,34,59,50,43,15,61,0,50,46,52,51,54,31,38,0,58,62,72,79,83,76,82,55,85,66,127,104,91,0,131,123,135,129,142,141,193,177,184,225,221,218,507,480,573,579,703,674,720,719,808,753,817,817,1139,1044,816,797]} 1. e4 {[%emt 0:00:00]} c6 {[%emt 0:00:00]} 2. Nf3 {[%emt 0:00:00]} d5 {[%emt 0:00:00]} 3. d3 {[%emt 0:00:00]} g6 {[%emt 0:00:00]} 4. e5 {[%emt 0:00:00]} Bg7 {[%emt 0:00:00]} 5. d4 {[%emt 0:00:00]} f6 {[%emt 0:00:00]} 6. exf6 {[%emt 0:00:00] B10: Caro-Kann: 2 d3 and 2 c4.} (6. c4 {feels hotter.} fxe5 7. Nxe5 Nh6 8. Bxh6 Bxh6 9. cxd5 O-O 10. dxc6 Nxc6 11. Bc4+) 6... Nxf6 {[%emt 0:00:00]} 7. Be2 {[%emt 0:00:00]} O-O {[%emt 0:00:00][%cal Oc6c5]} 8. O-O {[%emt 0:00:00] The position is equal.} c5 {[%emt 0:22:33]} 9. dxc5 {[%emt 0:00:00] [#]} Qc7 $146 {[%emt 0:03:52]} (9... Ne4 $11) ({Predecessor:} 9... Nc6 10. c3 e5 11. b4 Bg4 12. h3 Bxf3 13. Bxf3 e4 14. Be2 d4 15. cxd4 Qxd4 16. Qxd4 Nxd4 {0-1 (44) Lagarde,M (2640)-Navara,D (2691) Legnica 2021}) 10. c4 $16 {[%emt 0:11:15]} dxc4 {[%emt 0:07:38]} 11. Qd4 {[%emt 0:10:32]} (11. Bxc4+ Kh8 $14) 11... Ng4 {[%emt 0:07:41]} 12. Qxc4+ {[%emt 0:03:52]} ({Worse is} 12. Bxc4+ Kh8 13. Qd5 b5 14. cxb6 axb6 $15) 12... Kh8 {[%emt 0:00:03][%cal Of8f3] Threatens to win with ...Rxf3!} 13. h3 {[%emt 0:09:35]} Ne5 {[%emt 0:00:05]} 14. Nxe5 {[%emt 0:07:43]} Qxe5 {[%emt 0:00:05]} 15. Nc3 {[%emt 0:01:16]} Nc6 {[%emt 0:10:10]} 16. Bg4 {[%emt 0:10:17]} Qd4 {[%emt 0:12:14]} 17. Be2 {[%emt 0:03:31]} ({White should play} 17. Qxd4 $16 Bxd4 18. Bxc8 (18. Bh6 Rd8 $16) 18... Raxc8 19. Be3) 17... Qxc4 {[%emt 0:05:35]} (17... Qe5 $1 $11 {keeps the balance.}) 18. Bxc4 {[%emt 0:00:08]} Ne5 {[%emt 0:00:06]} 19. Be2 {[%emt 0:01:29]} Be6 {[%emt 0:01:31]} 20. Bg5 {[%emt 0:04:25]} Nc6 {[%emt 0:04:12]} 21. Be3 {[%emt 0:10:10]} Nd4 {[%emt 0:03:46]} 22. Bd3 {[%emt 0:00:34] Inhibits Nc2.} Rac8 {[%emt 0:04:17]} 23. Rad1 {[%emt 0:03:05]} Nf5 {[%emt 0:04:54]} 24. Bxf5 {[%emt 0:00:19]} gxf5 {[%emt 0:00:05]} 25. Rfe1 {[%emt 0:02:51]} Bxc3 {[%emt 0:03:02]} 26. bxc3 {[%emt 0:00:01] Hoping for Bd4+.} Kg8 {[%emt 0:00:10]} 27. Bd4 {[%emt 0:10:28]} Kf7 {[%emt 0:00:23]} 28. Re5 {[%emt 0:00:20]} Rg8 {[%emt 0:03:15]} 29. a3 {[%emt 0:00:36]} Rc6 {[%emt 0:01:32]} 30. Kh2 {[%emt 0:02:06]} h5 {[%emt 0:05:15]} 31. Rb1 {[%emt 0:03:45]} Bc8 {[%emt 0:00:17]} 32. Rbe1 {[%emt 0:01:44]} Be6 {[%emt 0:00:05]} 33. R1e3 {[%emt 0:01:14]} Rg6 {[%emt 0:00:15]} 34. Re1 {[%emt 0:04:36]} (34. a4 $16) 34... Ra6 {[%emt 0:01:04]} (34... Rg8 $1 $11) 35. Rb1 $14 {[%emt 0:00:02]} Bc8 {[%emt 0:00:07]} 36. Rb3 {[%emt 0:00:16]} Rg8 {[%emt 0:01:20]} 37. Re3 {[%emt 0:00:23]} (37. c6 $5 bxc6 38. Bc5 $14) 37... Rag6 {[%emt 0:02:16]} 38. g3 {[%emt 0:00:01]} Ra6 {[%emt 0:00:21]} 39. Re5 {[%emt 0:01:32][%cal Oc5c6]} (39. c6 $5 bxc6 40. Bc5 $14) 39... Rgg6 {[%emt 0:00:59]} 40. Kg2 {[%emt 0:00:23]} Rgc6 {[%emt 0:00:48]} 41. Kf3 {[%emt 0:00:00]} Rg6 {[%emt 0:00:00]} 42. Kf4 {[%emt 0:00:00]} Rh6 {[%emt 0:00:00]} (42... h4 $1 $11) 43. Kf3 {[%emt 0:00:00]} Rhg6 $1 {[%emt 0:00:00]} 44. Be3 {[%emt 0:04:39]} Rg8 {[%emt 0:02:41]} 45. Ke2 {[%emt 0:01:35]} Ra4 {[%emt 0:05:31]} 46. Bd4 {[%emt 0:10:48]} Rg6 {[%emt 0:00:19]} 47. Be3 {[%emt 0:00:16]} Rg8 {[%emt 0:07:26]} 48. Kd2 {[%emt 0:05:29]} Kf6 {[%emt 0:04:55]} 49. Bd4 {[%emt 0:00:15][%cal Oc5c6]} Kf7 {[%emt 0:00:17]} 50. Kc2 {[%emt 0:01:04]} Ra6 {[%emt 0:00:07]} 51. Kb2 {[%emt 0:02:15]} Rc6 {[%emt 0:04:15]} 52. Rb4 {[%emt 0:00:32]} Ra6 {[%emt 0:01:23]} (52... h4 $14) 53. Be3 {[%emt 0:00:21]} Kf6 {[%emt 0:02:26]} 54. Bd4 {[%emt 0:00:33]} Kf7 $1 {[%emt 0:00:03]} 55. c6 $1 {[%emt 0:01:25]} bxc6 {[%emt 0:01:38]} 56. Rb8 {[%emt 0:00:47] &Bianco is more active.} Rd8 {[%emt 0:05:28]} 57. Bc5 {[%emt 0:02:42]} e6 {[%emt 0:00:03] [#]} (57... Re8 $16 {keeps fighting.} 58. c4 Ra4) 58. Kb3 $1 $18 {[%emt 0:01:25]} Ke8 {[%emt 0:00:04]} 59. g4 {[%emt 0:04:21]} hxg4 {[%emt 0:00:33]} 60. hxg4 {[%emt 0:00:09]} fxg4 {[%emt 0:01:14]} (60... Kd7 {was necessary.} 61. g5 (61. gxf5 Kc7 $16) 61... Kc7) 61. Rh5 {[%emt 0:00:54] White is clearly winning.} e5 {[%emt 0:00:25]} 62. Kb4 {[%emt 0:01:13]} Kf7 {[%emt 0:02:07]} 63. Rh7+ {[%emt 0:00:50][%mdl 64] [#] Skewer} Ke6 {[%emt 0:00:05]} 64. Rc7 {[%emt 0:00:35]} Rd2 {[%emt 0:00:05]} 65. Rbxc8 {[%emt 0:00:44]} Rb2+ {[%emt 0:01:14]} 66. Kc4 {[%emt 0:00:03]} Ra4+ {[%emt 0:00:03]} 67. Kd3 {[%emt 0:00:36]} Kd5 {[%emt 0:00:05]} 68. Rxc6 {[%emt 0:01:10] Weighted Error Value: White=0.13 (very precise) /Black=0.22 (precise)} 1-0

[Event "German Bundesliga 2021-22"]
[Site "Germany"]
[Date "2022.04.09"]
[Round "3.14"]
[White "Jakubowski, Krzysztof"]
[Black "Heinemann, Thies"]
[Result "0-1"]
[WhiteElo "2475"]
[BlackElo "2495"]
[Annotator "TA"]
[PlyCount "80"]
[EventDate "2022.03.05"]
[EventType "team-tourn"]
[EventCountry "GER"]
[SourceTitle "playchess.com"]
[Source "ChessBase"]
[SourceQuality "1"]
[TimeControl "40/5400+30:1800+30"]

{[%evp 13,80,20,21,18,8,-8,47,52,50,20,50,40,56,50,60,0,0,-22,0,-14,-12,-31,-22,-24,-27,-24,-30,-67,-78,-70,-68,-74,-72,-80,-60,-135,-135,-167,-154,-173,-110,-137,-137,-156,-141,-158,-142,-120,-79,-114,-68,-73,-22,-31,-10,-77,-87,-123,-127,-361,-333,-732,-230,-29989,-29990,-29995,-29996,-29997,358]} 1. e4 {[%emt 0:02:17]} c5 {[%emt 0:00:00]} 2. Nf3 {[%emt 0:00:08]} d6 {[%emt 0:00:00]} 3. d4 {[%emt 0:00:05]} cxd4 {[%emt 0:00:00]} 4. Nxd4 {[%emt 0:00:05]} Nf6 {[%emt 0:00:00]} 5. Nc3 {[%emt 0:00:06]} a6 {[%emt 0:00:00]} 6. Be3 {[%emt 0:00:06]} e5 {[%emt 0:00:00]} 7. Nb3 {[%emt 0:00:08]} Be6 {[%emt 0:00:00]} 8. h3 {[%emt 0:00:09] B90: Sicilian Najdorf: Unusual White 6th moves, 6 Be3 Ng4 and 6 Be3 e5.} Be7 {[%emt 0:00:00]} 9. Qf3 {[%emt 0:01:20]} h5 {[%emt 0:00:00] 9...Nbd7 is the modern continuation.} (9... O-O $11) 10. O-O-O {[%emt 0:11:05][%cal Ob3c5] White is slightly better.} Nbd7 {[%emt 0:00:00] Against Nc5} 11. Kb1 {[%emt 0:01:12]} Rc8 {[%emt 0:00:00][%cal Oc8c3]} 12. Nd5 {[%emt 0:00:12]} Bxd5 {[%emt 0:00:35]} 13. exd5 {[%emt 0:00:06]} Nb6 {[%emt 0:02:01]} 14. Bxb6 {[%emt 0:25:33]} ({White should try} 14. c3 $14) 14... Qxb6 $11 {[%emt 0:00:16]} 15. Bd3 {[%emt 0:00:05]} g6 {[%emt 0:09:08]} 16. g4 {[%emt 0:05:41]} h4 {[%emt 0:04:57] [#]} 17. Rhf1 $146 {[%emt 0:09:55]} ({Predecessor:} 17. g5 Nh5 18. Qg4 Qd8 19. Qxh4 Bxg5 20. Qg4 Nf4 21. h4 Rxh4 22. Rxh4 Bxh4 23. Na5 {½-½ (54) Nestorovic,L (2353)-Jesic,D (2322) Kragujevac 2018}) 17... O-O {[%emt 0:05:02]} 18. Qg2 {[%emt 0:03:50]} Nh7 {[%emt 0:16:29]} 19. Nd2 {[%emt 0:02:31]} Ng5 {[%emt 0:15:08]} 20. Ne4 {[%emt 0:07:49]} Nxe4 {[%emt 0:02:38]} 21. Qxe4 {[%emt 0:00:46]} Bg5 {[%emt 0:01:11] Prevents f4.} 22. Qa4 {[%emt 0:03:39]} Rc5 {[%emt 0:06:36]} 23. c4 {[%emt 0:03:56]} Rfc8 {[%emt 0:08:32]} 24. Qb3 {[%emt 0:00:33]} ({White should play} 24. Rde1 $15) 24... Qc7 $1 $17 {[%emt 0:01:22][%cal Ob7b5]} 25. a4 {[%emt 0:00:16] Prevents b5.} e4 {[%emt 0:09:45]} 26. Be2 {[%emt 0:03:21]} Bf6 {[%emt 0:03:18]} (26... Qa5 $19 {[%cal Ob7b5] Hoping for ...b5!} 27. Rd4 Re8) 27. g5 {[%emt 0:04:50]} Bg7 {[%emt 0:01:30][%cal Ob7b5] ...b5! is the strong threat.} 28. Rd2 {[%emt 0:01:27]} Re8 {[%emt 0:06:30]} 29. Rg1 {[%emt 0:01:44]} Qa5 {[%emt 0:02:30]} 30. Rc2 {[%emt 0:04:45]} Rec8 {[%emt 0:01:22][%cal Ob7b5] Threatens to win with ...b5!} 31. Qa3 {[%emt 0:02:27]} Qb6 {[%emt 0:02:12]} (31... Qd8 $17 {[%cal Ob7b5] Strongly threatening ...b5!} 32. Rg4 b5) 32. Rg4 $15 {[%emt 0:01:27][%csl LRe4,LRh4] [#]} Qd8 {[%emt 0:03:49] &Nero is more active.} (32... Re8 $1 $17) 33. Qe3 $11 {[%emt 0:02:37]} b5 {[%emt 0:00:12][%cal Bb7b5,Bb5a4,Ba4a3][%mdl 32]} 34. Rxe4 {[%emt 0:00:06]} (34. Rxh4 $11 bxa4 35. Rxe4) 34... bxa4 $17 {[%emt 0:00:11]} 35. Bg4 {[%emt 0:01:27]} Rb8 {[%emt 0:00:17] And now ...Rc7 would win.} 36. Re7 {[%emt 0:00:08] This costs White the game.} (36. Bd1 $17 {was necessary.}) 36... a3 $19 {[%emt 0:01:07][%cal Ra3b2]} 37. Bd7 $2 {[%emt 0:01:32]} ({Not} 37. Rd7 $2 Qa5 38. Qxa3 Qe1+ 39. Rc1 Qe4+ 40. Rc2 Qe1+ 41. Rc1 Qxf2 42. Rd8+ Rxd8 $19) (37. b3 Rxb3+ 38. Qxb3 Qxe7 39. Ka2) 37... Qb6 $2 {[%emt 0:01:12]} (37... Rxb2+ $2 38. Rxb2 axb2 39. Re8+ Qxe8 40. Qxe8+ $18) (37... axb2 {( -> ...Qa5)} 38. Re8+ Kh7 39. Rxd8 {[#]} Ra5 $1 {[%mdl 512]}) 38. Be8 $2 {[%emt 0:01:16]} (38. Re8+ $19 Rxe8 39. Bxe8 (39. Qxe8+ $2 {too greedy.} Kh7 $19)) 38... a2+ {[%emt 0:00:29] Black mates.} 39. Kxa2 {[%emt 0:00:35]} Ra5+ {[%emt 0:00:16]} 40. Kb1 {[%emt 0:00:07] [#]} Qxb2+ $1 {[%emt 0:00:12][%mdl 33344] Back Rank.  Weighted Error Value: White=0.55/Black=0.22 (precise) . Loss on time!?} 0-1

[Event "German Bundesliga 2021-22"]
[Site "Germany"]
[Date "2022.04.09"]
[Round "3.14"]
[White "Kurmann, Oliver"]
[Black "Braun, Arik"]
[Result "1-0"]
[WhiteElo "2462"]
[BlackElo "2587"]
[Annotator "TA"]
[PlyCount "85"]
[EventDate "2022.03.05"]
[EventType "team-tourn"]
[EventCountry "GER"]
[SourceTitle "playchess.com"]
[Source "ChessBase"]
[SourceQuality "1"]
[TimeControl "40/5400+30:1800+30"]

{[%evp 17,85,0,29,27,35,29,53,31,62,29,32,33,33,32,29,20,20,20,28,33,18,20,38,0,0,0,0,0,0,0,27,0,26,55,75,107,930,77,84,74,99,82,145,133,197,197,197,201,191,190,412,402,412,184,175,-22,328,360,637,639,631,623,606,571,908,893,875,906,826,775]} 1. e4 {[%emt 0:00:00]} c6 {[%emt 0:00:00]} 2. d4 {[%emt 0:00:00]} d5 {[%emt 0:00:00]} 3. Nd2 {[%emt 0:00:00]} dxe4 {[%emt 0:00:00]} 4. Nxe4 {[%emt 0:00:00]} Bf5 {[%emt 0:00:00]} 5. Ng3 {[%emt 0:00:00]} Bg6 {[%emt 0:00:00]} 6. Nh3 {[%emt 0:00:00]} e6 {[%emt 0:00:00]} 7. Nf4 {[%emt 0:00:00]} Qh4 {[%emt 0:00:00]} 8. Nge2 {[%emt 0:00:00]} Be4 {[%emt 0:00:00]} 9. Ng3 {[%emt 0:00:00]} Bg6 {[%emt 0:00:00]} (9... Nf6 10. Nxe4 Nxe4 11. g3 $16) 10. Be3 {[%emt 0:21:52] B18: Classical Caro-Kann: 4...Bf5 sidelines.} Nf6 {[%emt 0:16:15]} 11. Qd2 {[%emt 0:00:56][%cal Of4e6]} Bd6 {[%emt 0:01:14]} 12. O-O-O {[%emt 0:01:09] White is slightly better.} Nbd7 {[%emt 0:16:43]} 13. f3 {[%emt 0:25:40] aiming for Nh3.} Bxf4 {[%emt 0:06:31]} 14. Bxf4 {[%emt 0:00:04]} h6 {[%emt 0:00:18] [#] Inhibits Bg5.} 15. c4 $146 {[%emt 0:10:45]} ({Predecessor:} 15. Ne2 Nd5 16. Bd6 N7b6 17. Bg3 Qg5 18. Nf4 Nxf4 19. Bxf4 Qd5 20. b3 a5 21. c4 Qd7 22. a4 O-O 23. Kb2 {1-0 (41) Milov,L (2472)-Hoeglauer,P (2114) Bad Wiessee 2015}) 15... b5 {[%emt 0:09:03]} 16. Bd6 {[%emt 0:03:35]} ({Don't blunder} 16. cxb5 $2 cxb5 17. Ne4 Nxe4 18. fxe4 Bxe4 $19) 16... bxc4 {[%emt 0:04:36]} 17. Bxc4 {[%emt 0:01:13]} Nb6 {[%emt 0:01:15]} 18. Ba6 {[%emt 0:09:43]} Rd8 {[%emt 0:05:45]} 19. Ba3 {[%emt 0:00:39]} Nbd5 {[%emt 0:06:11]} 20. Rhe1 {[%emt 0:06:32]} Qxh2 {[%emt 0:03:53]} 21. Ne4 {[%emt 0:04:46]} Qc7 {[%emt 0:06:46]} 22. b3 {[%emt 0:04:58]} h5 {[%emt 0:09:18]} 23. Kb2 {[%emt 0:03:37]} h4 {[%emt 0:05:55]} 24. Rc1 {[%emt 0:00:03][%cal Oa6b5] And now Bb5! would win.} Qb6 {[%emt 0:00:22] Inhibits Bb5.} 25. Bf1 {[%emt 0:03:37] This bishop pair is nice.} Nxe4 {[%emt 0:00:28]} 26. fxe4 {[%emt 0:00:01]} Nf6 $2 {[%emt 0:00:09][%mdl 8192] [#]} (26... Ne7 $16) 27. Bc5 $2 {[%emt 0:00:28]} (27. Rxc6 $1 $18 {[%mdl 512] is the precise move to win.} Qb7 (27... Qxc6 28. Qb4) 28. Qc2 Bxe4 29. Rxe4 Nxe4 30. Rc7) 27... Qc7 {[%emt 0:02:11]} 28. Bd3 {[%emt 0:00:59][%mdl 1024] White has strong compensation.} Nd7 {[%emt 0:01:51]} 29. Ba3 {[%emt 0:00:30][%cal Od3b5] &Bianco is more active.} Qb6 {[%emt 0:00:19] Inhibits Bb5.} (29... c5 $142) 30. Qc3 $1 $16 {[%emt 0:01:10]} Rh5 {[%emt 0:01:33] Against d5} (30... a6 $16 31. d5 cxd5) 31. d5 $1 $18 {[%emt 0:01:32][%cal Bd4d5,Bd5c6,Bc6c7][%mdl 32]} Ne5 {[%emt 0:00:29]} 32. Be2 {[%emt 0:00:14]} Rg5 {[%emt 0:02:40]} 33. dxc6 {[%emt 0:00:01]} f6 $2 {[%emt 0:00:33]} (33... Nxc6 34. Qxc6+ Qxc6 35. Rxc6 Bxe4) 34. c7 {[%emt 0:02:02]} Rc8 {[%emt 0:00:04]} 35. Bf1 $40 {[%emt 0:00:39][%mdl 128] White is out for blood.} (35. Red1 $142 Bxe4 36. Rd8+ (36. Qd4 Qxd4+ 37. Rxd4 Bc6 $15) 36... Rxd8 37. cxd8=Q+ (37. c8=Q $2 Rxc8 38. Qxc8+ Kf7 $19) 37... Qxd8 38. Qb4) 35... Rg3 {[%emt 0:00:35]} 36. Qc2 {[%emt 0:00:52] [#] The board is on fire.} (36. Qd2 $1 $18 Kf7 37. Bc5 Qxc7 38. Bf2) 36... Qd4+ {[%emt 0:01:18][%mdl 8192]} (36... Nd3+ $1 $11 {and Black is okay.} 37. Bxd3 Qd4+ 38. Kb1 Qxd3) 37. Kb1 {[%emt 0:00:07] Black must now prevent Ba6.} Re3 $2 {[%emt 0:00:55]} (37... Qb6 38. Ka1 Bh5) 38. Rxe3 {[%emt 0:01:10] White is clearly winning.} Qxe3 {[%emt 0:00:05]} 39. Bb5+ $1 {[%emt 0:00:30][%cal Bf1b5,Bb5a6,Ba6c8][%mdl 32]} Kf7 {[%emt 0:00:30] [#]} 40. Ba6 $1 {[%emt 0:00:29]} Bxe4 {[%emt 0:02:05] [#] ...Rxc7 is the strong threat.} 41. Bxc8 {[%emt 0:00:00]} Bxc2+ {[%emt 0:00:00]} 42. Rxc2 {[%emt 0:00:00]} Qe1+ {[%emt 0:00:00] [#]} 43. Bc1 $1 {[%emt 0:00:00] Weighted Error Value: White=0.52/Black=0.40} 1-0

[Event "German Bundesliga 2021-22"]
[Site "Germany"]
[Date "2022.04.09"]
[Round "3.14"]
[White "Maiwald, Jens-Uwe"]
[Black "Zelbel, Patrick"]
[Result "1/2-1/2"]
[WhiteElo "2430"]
[BlackElo "2461"]
[Annotator "RC"]
[PlyCount "61"]
[EventDate "2022.03.05"]
[EventType "team-tourn"]
[EventCountry "GER"]
[SourceTitle "playchess.com"]
[Source "ChessBase"]
[SourceQuality "1"]
[TimeControl "40/5400+30:1800+30"]

1. Nf3 {[%emt 0:00:00]} Nf6 {[%emt 0:00:00]} 2. g3 {[%emt 0:00:00]} g6 {[%emt 0:00:00]} 3. Bg2 {[%emt 0:00:00]} Bg7 {[%emt 0:00:00]} 4. O-O {[%emt 0:00:00]} O-O {[%emt 0:00:00]} 5. d3 {[%emt 0:00:00]} d6 {[%emt 0:00:00]} 6. c4 {[%emt 0:00:00]} e5 {[%emt 0:00:00]} 7. Nc3 {[%emt 0:00:00]} Nc6 {[%emt 0:00:00]} 8. Bg5 {[%emt 0:00:13]} h6 {[%emt 0:00:00]} 9. Bxf6 {[%emt 0:00:16]} Bxf6 {[%emt 0:00:00]} 10. Rb1 {[%emt 0:00:17]} a5 {[%emt 0:00:00]} 11. a3 {[%emt 0:02:02]} Bg7 {[%emt 0:00:00]} 12. b4 {[%emt 0:01:15]} axb4 {[%emt 0:00:00]} 13. axb4 {[%emt 0:00:04]} Ne7 {[%emt 0:03:44]} 14. Qb3 {[%emt 0:10:22]} Be6 {[%emt 0:12:40]} 15. Nd2 {[%emt 0:09:31]} c6 {[%emt 0:00:43]} 16. b5 {[%emt 0:00:38]} Qa5 {[%emt 0:22:14]} 17. Rfc1 {[%emt 0:08:24]} d5 {[%emt 0:12:57]} 18. bxc6 {[%emt 0:18:56]} bxc6 {[%emt 0:02:09]} 19. Qb4 {[%emt 0:00:13]} Qxb4 {[%emt 0:06:38]} 20. Rxb4 {[%emt 0:00:16]} Rfb8 {[%emt 0:00:27]} 21. Rxb8+ {[%emt 0:02:02]} Rxb8 {[%emt 0:01:51]} 22. Na4 {[%emt 0:16:53]} f5 {[%emt 0:08:32]} 23. cxd5 {[%emt 0:16:15]} cxd5 {[%emt 0:00:06]} 24. Rc7 {[%emt 0:00:12]} Kf7 {[%emt 0:03:52]} 25. e3 {[%emt 0:01:49]} g5 {[%emt 0:06:30]} 26. Bf3 {[%emt 0:06:45]} g4 {[%emt 0:08:29]} 27. Bd1 {[%emt 0:00:21]} Rc8 {[%emt 0:01:30]} 28. Rxc8 {[%emt 0:00:44]} Nxc8 {[%emt 0:00:48]} 29. Nc5 {[%emt 0:00:52]} Bf8 {[%emt 0:00:32]} 30. Ndb3 {[%emt 0:03:45]} Nb6 {[%emt 0:01:44]} 31. d4 {[%emt 0:00:14]} 1/2-1/2

[Event "German Bundesliga 2021-22"]
[Site "Germany"]
[Date "2022.04.09"]
[Round "3.14"]
[White "Harff, Marcel"]
[Black "Dautov, Rustem"]
[Result "1/2-1/2"]
[WhiteElo "2367"]
[BlackElo "2596"]
[Annotator "TA"]
[PlyCount "53"]
[EventDate "2022.03.05"]
[EventType "team-tourn"]
[EventCountry "GER"]
[SourceTitle "playchess.com"]
[Source "ChessBase"]
[SourceQuality "1"]
[TimeControl "40/5400+30:1800+30"]

{[%evp 22,53,38,26,40,36,60,10,14,10,22,14,20,4,20,16,36,32,45,31,79,20,34,45,34,36,54,0,0,0,0,0,126,120]} 1. Nf3 {[%emt 0:00:00]} Nf6 {[%emt 0:00:00]} 2. c4 {[%emt 0:00:00]} e6 {[%emt 0:00:00]} 3. b3 {[%emt 0:00:00]} d5 {[%emt 0:00:00]} 4. Bb2 {[%emt 0:00:00]} c5 {[%emt 0:01:03]} 5. e3 {[%emt 0:00:00]} Nc6 {[%emt 0:04:16]} 6. cxd5 {[%emt 0:00:38]} exd5 {[%emt 0:01:25]} 7. Nc3 {[%emt 0:00:21]} Bd6 {[%emt 0:12:31]} 8. Be2 {[%emt 0:03:08]} O-O {[%emt 0:05:35]} 9. d4 {[%emt 0:03:48]} Bg4 {[%emt 0:13:49]} 10. dxc5 {[%emt 0:00:48]} Bxc5 {[%emt 0:00:09]} 11. O-O {[%emt 0:00:06]} a6 {[%emt 0:03:40]} 12. Rc1 {[%emt 0:07:23][%cal Oc3d5]} Ba7 {[%emt 0:03:22] D32: Tarrasch Defence: Sidelines and lines without g3.} 13. h3 {[%emt 0:02:28]} Be6 {[%emt 0:03:46]} 14. Na4 {[%emt 0:00:52]} (14. Bd3 $14) 14... Ne4 {[%emt 0:01:09] The position is equal.} 15. Nd4 {[%emt 0:00:21] [#]} Qd6 $146 {[%emt 0:02:21]} ({Predecessor:} 15... Bd7 16. Nxc6 Bxc6 17. Bd4 Bxa4 18. Bxa7 Bxb3 19. Qxb3 Rxa7 20. Rfd1 Nf6 21. Bf3 b5 {0-1 (48) Radosavljevic,S (2175)-Bozinovic,B (2205) Topusko 2014}) 16. Nxc6 {[%emt 0:05:00]} bxc6 {[%emt 0:00:23]} 17. Bd3 {[%emt 0:00:51] Strongly threatening Bxe4.} f5 {[%emt 0:11:10]} (17... Bb8 18. f4 $14) 18. Qc2 {[%emt 0:01:33]} Bd7 {[%emt 0:11:51]} (18... Bb8 19. g3 $16) 19. Bd4 {[%emt 0:03:18]} Bxd4 {[%emt 0:09:13]} 20. exd4 {[%emt 0:00:31]} Rae8 {[%emt 0:02:10]} (20... Rf6 $14) 21. Nc5 {[%emt 0:01:31]} (21. Nb6 $16) 21... Nxc5 $11 {[%emt 0:01:40]} 22. Qxc5 {[%emt 0:00:11]} Qh6 {[%emt 0:00:31]} 23. Qa7 {[%emt 0:02:01]} Rf7 {[%emt 0:01:52]} 24. f4 {[%emt 0:01:44]} (24. Bxa6 f4 25. Rce1 f3 26. Rxe8+ Bxe8 $11) ({Better is} 24. Qxa6 $14 g6 25. Qb6) 24... g5 {[%emt 0:00:39]} 25. Rce1 {[%emt 0:01:35]} (25. Qxa6 g4 26. Kh1 Qh4 27. Rxc6 Bxc6 28. Qxc6 Re3 $19) 25... Rxe1 {[%emt 0:06:19]} 26. Rxe1 {[%emt 0:00:11]} gxf4 {[%emt 0:00:02] [#]} (26... Qh4 $1 $11 27. Rf1 g4) 27. Qb8+ $1 {[%emt 0:01:46] Weighted Error Value: White=0.17 (very precise) /Black=0.23 (precise)} ({Wrong is} 27. Qxa6 $2 f3 28. Qa8+ Rf8 $19) ({But not} 27. Bxa6 $6 Qg5 28. Rf1 Rg7 29. Qb8+ (29. Rf2 f3 $11) 29... Kf7 $11) 1/2-1/2